[Event "Bad Woerishofen op"]
[Site "Bad Woerishofen"]
[Date "1992.??.??"]
[Round "5"]
[White "Lau, Ralf"]
[Black "Gutman, Lev"]
[Result "1/2-1/2"]
[WhiteElo "2480"]
[BlackElo "2465"]

1.e4 c5 2.Nf3 d6 3.d4 cxd4 4.Nxd4 Nf6 5.Nc3 a6 6.Be3 e5 7.Nf3 Be7 8.Bc4 Bg4
9.h3 Be6 10.Bxe6 fxe6 11.Ng5 Qd7 12.f4 exf4 13.Bxf4 h6 14.Nf3 O-O 15.Qd2 b5
16.a3 Qb7 17.Qe3 Nbd7 18.Bh2 a5 19.Nd2 Nc5 20.O-O b4 21.axb4 axb4 22.Rxa8 Qxa8
23.Nb5 Nfxe4 24.Bxd6 Nxd2 25.Rxf8+ Bxf8 26.Qxc5 Qa1+ 27.Kh2  1/2-1/2

[Event "Baden-Baden-B"]
[Site "Baden-Baden"]
[Date "1992.??.??"]
[Round "1"]
[White "Mainka, Romuald"]
[Black "Vogt, Lothar"]
[Result "1-0"]
[WhiteElo "2550"]
[BlackElo "2530"]

1.e4 c5 2.Nf3 d6 3.d4 cxd4 4.Nxd4 Nf6 5.Nc3 a6 6.Be3 e6 7.Be2 Be7 8.O-O O-O
9.f4 Qc7 10.a4 Nc6 11.Kh1 Re8 12.Bg1 Rb8 13.Qd2 Bd7 14.Nb3 Na5 15.Nxa5 Qxa5
16.Bd3 Bc6 17.b4 Qc7 18.b5 Bd7 19.b6 Qc6 20.e5 Nd5 21.Ne4 Nxb6 22.Qe2 Nd5
23.c4 Nb4 24.Bb1 d5 25.Nf6+ gxf6 26.Qh5 Bd8 27.Qh6  1-0

[Event "Baden-Baden-B"]
[Site "Baden-Baden"]
[Date "1992.??.??"]
[Round "5"]
[White "Mainka, Romuald"]
[Black "Tischbierek, Raj"]
[Result "1/2-1/2"]
[WhiteElo "2550"]
[BlackElo "2495"]

1.e4 c5 2.Nf3 d6 3.d4 cxd4 4.Nxd4 Nf6 5.Nc3 a6 6.Be3 Ng4 7.Bg5 h6 8.Bh4 g5
9.Bg3 Bg7 10.Be2 h5 11.Bxg4 hxg4 12.O-O Nc6 13.Nf5 Bxf5 14.exf5 Bxc3 15.bxc3 f6
16.Qxg4 Qa5 17.Rab1 O-O-O 18.Rb3 Rd7 19.Rfb1 Rc7 20.f3 Qd5 21.Re1 Kb8 22.Bf2  1/2-1/2

[Event "Bankia op"]
[Site "Bankia"]
[Date "1992.??.??"]
[Round "8"]
[White "Dochev, Dimitar"]
[Black "Delchev, Aleksander"]
[Result "0-1"]
[WhiteElo "2285"]
[BlackElo "2430"]

1.e4 c5 2.Nf3 d6 3.d4 cxd4 4.Nxd4 Nf6 5.Nc3 a6 6.Be3 e5 7.Nf3 Qc7 8.a4 Be7
9.a5 O-O 10.Be2 Nbd7 11.Nd2 b5 12.axb6 Nxb6 13.Bd3 Be6 14.O-O a5 15.Qe2 Rfb8
16.f4 exf4 17.Bxf4 Nbd7 18.Nb5 Qc8 19.Nf3 Bg4 20.Kh1 Ne5 21.b3 Nfd7 22.Nbd4 Bf6
23.Rad1 a4 24.bxa4 Rxa4 25.Qf2 Nc5 26.Bxe5 dxe5 27.Ne2 Nxe4 28.Bxe4 Rxe4
29.Ng3 Rc4 30.Rde1 Rxc2 31.Qa7 Bxf3 32.Rxf3 Rc1 33.Rff1 Rbb1 34.Rxc1 Rxc1
35.h3 g6 36.Qf2 Rxf1+ 37.Qxf1 Kg7 38.Ne4  0-1

[Event "Beersheba-B"]
[Site "Beersheba"]
[Date "1992.??.??"]
[Round "4"]
[White "Lederer, Yoav"]
[Black "Zaid, Leonid D"]
[Result "0-1"]
[WhiteElo "2245"]
[BlackElo "2390"]

1.e4 c5 2.Nf3 d6 3.d4 cxd4 4.Nxd4 Nf6 5.Nc3 a6 6.Be3 e6 7.f3 b5 8.g4 Bb7
9.Qd2 Nfd7 10.Qf2 Ne5 11.O-O-O Nbd7 12.Kb1 Rc8 13.g5 b4 14.Nce2 Nc4 15.Bc1 Qb6
16.Qh4 g6 17.Bg2 Bg7 18.Qg4 Nde5 19.Qg3 Nc6 20.b3 Nxd4 21.Nxd4 Bxd4 22.bxc4 Rxc4
23.Rxd4 Qxd4 24.Bb2 Qd2 25.Bxh8 Qxc2+ 26.Ka1 b3  0-1

[Event "Beijing"]
[Site "Beijing"]
[Date "1992.??.??"]
[Round "6"]
[White "Liang Jinrong"]
[Black "Sitanggang, Salor"]
[Result "1-0"]
[WhiteElo "2480"]
[BlackElo "2390"]

1.e4 c5 2.Nf3 d6 3.d4 cxd4 4.Nxd4 Nf6 5.Nc3 a6 6.Be3 e5 7.Nf3 Qc7 8.a4 h6
9.Be2 Be7 10.O-O Be6 11.a5 Nbd7 12.h3 Qc6 13.Qd3 O-O 14.Rfd1 Rac8 15.Ne1 Nc5
16.Nd5 Bxd5 17.exd5 Qc7 18.Qa3 Nh7 19.b4 Nd7 20.c4 f5 21.f3 e4 22.f4 g5 23.Rac1 Rf6
24.Nc2 Ndf8 25.Nd4 Ng6 26.Rf1 Qd7 27.g4 Rf7 28.Nxf5 Rxf5 29.gxf5 Nxf4 30.Bxf4 gxf4
31.Rxf4 Bg5 32.Rg4 Nf6 33.Rg2 Kh7 34.Rf1 Qe7 35.Kh1 e3 36.Qd3 Qe5 37.Rf3 Kh8
38.Rxg5 hxg5 39.Rxe3 Qb2 40.Re6 Rf8 41.Rxd6 Qxb4 42.Re6 Qxa5 43.Qd4 Kg8 44.Kg2 Qa2
45.Kf2 Kg7 46.d6 Qc2 47.Rxf6 Rxf6 48.d7  1-0

[Event "Biel op"]
[Site "Biel"]
[Date "1992.??.??"]
[Round "7"]
[White "Vehi Bach, Victor Manuel"]
[Black "Belotti, Bruno"]
[Result "0-1"]
[WhiteElo "2390"]
[BlackElo "2405"]

1.e4 c5 2.Nf3 d6 3.d4 cxd4 4.Nxd4 Nf6 5.Nc3 a6 6.Be3 e6 7.Be2 Qc7 8.a4 b6
9.f4 Bb7 10.Bf3 Nbd7 11.O-O Be7 12.Kh1 O-O 13.Qe2 Rac8 14.Rae1 Qb8 15.Bg1 Qa8
16.e5 dxe5 17.fxe5 Nd5 18.Nxd5 Bxd5 19.Bxd5 Qxd5 20.Rf3 Bh4 21.Rd1 Qxe5 22.Qxa6 Rfd8
23.Qf1 Bf6 24.Rfd3 Qe4 25.Nb5 Ne5 26.Nd6 Qxa4 27.Nxc8 Nxd3 28.Rxd3 Rxc8 29.b3 Qc6
30.c4 h6 31.Qf2 b5 32.c5 b4 33.Rd6 Qe4 34.Qf3 Qxf3 35.gxf3 Be7 36.Rd4 Rc7
37.Rc4 e5 38.c6 f6 39.Bb6 Rc8 40.c7 Kf7 41.f4 Ke6 42.fxe5 Kxe5 43.Ba5 Bd6
44.h4 g5 45.Kg2 f5 46.hxg5 hxg5 47.Kf3 Ke6 48.Kg2 Kd7 49.Rc1 g4 50.Rc4 Bxc7
51.Rd4+ Bd6 52.Bxb4 Rc6 53.Bd2 Ke6 54.b4 Rc2 55.Kf1 Ke5 56.Rd3 Bc7 57.b5 f4  0-1

[Event "Biel op"]
[Site "Biel"]
[Date "1992.??.??"]
[Round "8"]
[White "Robovic, Saudin"]
[Black "Bliumberg, Vladislav"]
[Result "0-1"]
[WhiteElo "2395"]
[BlackElo "2265"]

1.e4 c5 2.Nf3 d6 3.d4 cxd4 4.Nxd4 Nf6 5.Nc3 a6 6.Be3 e6 7.f3 Be7 8.Qd2 Qc7
9.O-O-O Nc6 10.g4 b5 11.h4 Bb7 12.g5 Nd7 13.h5 Nc5 14.Nxc6 Bxc6 15.Qd4 Rg8
16.g6 hxg6 17.hxg6 fxg6 18.Rg1 O-O-O 19.Rxg6 Bf6 20.Qd2 b4 21.Ne2 b3 22.Kb1 Nxe4
23.Qd3 bxa2+ 24.Ka1 Nc5 25.Bxc5 dxc5 26.Qxa6+ Qb7  0-1

[Event "Bled op (Women)"]
[Site "Bled"]
[Date "1992.??.??"]
[Round "7"]
[White "Mihevc, Narcisa"]
[Black "Benderac, Ana"]
[Result "0-1"]
[WhiteElo "2150"]
[BlackElo "2005"]

1.e4 c5 2.Nf3 d6 3.d4 cxd4 4.Nxd4 Nf6 5.Nc3 a6 6.Be3 b5 7.f3 Bb7 8.g4 e6
9.h4 Be7 10.Rg1 Nfd7 11.g5 Nc5 12.Bh3 b4 13.Nce2 h6 14.g6 Bxh4+ 15.Ng3 fxg6
16.Nxe6 Nxe6 17.Bxe6 Nc6 18.Qe2 Qf6 19.Bd5 Qxb2 20.Rd1 Qc3+ 21.Kf2 Rf8 22.Rh1 g5
23.Kg2 Bxg3 24.Kxg3 Ke7 25.Kg2 Rac8 26.Bd2 Qe5 27.Bxc6 Bxc6 28.Bxb4 g4 29.Qxa6 gxf3+
30.Kf2 Rfd8 31.Bxd6+ Rxd6 32.Qxc8 Qc5+ 33.Kg3 Rg6+ 34.Kf4 Qg5+ 35.Kxf3 Qg2+
36.Ke3 Qxe4+ 37.Kd2 Rg2+ 38.Kc3 Rxc2+  0-1

[Event "Bled op"]
[Site "Bled"]
[Date "1992.??.??"]
[Round "9"]
[White "Nevednichy, Vladislav"]
[Black "Tratar, Marko"]
[Result "0-1"]
[WhiteElo "2470"]
[BlackElo "2335"]

1.e4 c5 2.Nf3 d6 3.d4 cxd4 4.Nxd4 Nf6 5.Nc3 a6 6.Be3 e6 7.Be2 Be7 8.f4 O-O
9.g4 Re8 10.g5 Nfd7 11.Qd2 b5 12.a3 Bb7 13.O-O-O Nc5 14.Bf3 Nbd7 15.Qg2 Nb6
16.Ndxb5 Qb8 17.Nd4 Bxe4 18.Bxe4 Nc4 19.b3 Nxe3 20.Bxh7+ Kxh7 21.Qh3+ Kg8
22.Qxe3 d5 23.Rhf1 Bd6 24.Kb2 Ra7 25.Rf3 Rb7 26.g6 fxg6 27.Rg1 e5 28.fxe5 Bxe5
29.Rxg6 Qa7 30.Ka2 Ne4 31.Nxe4 dxe4 32.Nc6 Qxe3 33.Rxe3 Bf6 34.Na5 Rd7 35.b4 Rd2
36.Kb3 Bd4 37.Rgg3 Bxe3 38.Rxe3 Rxh2 39.c4 Rf2 40.c5 Rf3 41.Nc4 g5 42.Ka4 g4
43.Re2 e3 44.c6 g3 45.Ka5 Rf6 46.b5 axb5 47.Kxb5 Rg6 48.Nxe3 Re5+ 49.Kb6 Rge6
50.Kb7 Rxe3 51.c7 Rb3+ 52.Ka7 Rxa3+ 53.Kb7 Rb3+ 54.Ka7 Rc6  0-1

[Event "Bogota Lat Cup"]
[Site "Bogota"]
[Date "1992.??.??"]
[Round "8"]
[White "Henao, Raul Fernando"]
[Black "Gutierrez, Jose Antonio"]
[Result "0-1"]
[WhiteElo "2410"]
[BlackElo "2310"]

1.e4 c5 2.Nf3 d6 3.d4 cxd4 4.Nxd4 Nf6 5.Nc3 a6 6.Be3 e5 7.Nb3 Be6 8.Be2 Be7
9.O-O O-O 10.f4 Qc7 11.a4 Nbd7 12.a5 Rac8 13.Kh1 exf4 14.Rxf4 Rfe8 15.Nd4 Bf8
16.Qd2 Ne5 17.Nf5 Ng6 18.Rf3 Qc6 19.Ra4 d5 20.Nh6+ Kh8 21.Rxf6 gxf6 22.Bd4 Bg7
23.exd5 Bxd5 24.Nxd5 Qxd5 25.Ng4 Qe4 26.Ne3 Rcd8 27.Bf3 Rxd4 28.Rxd4 Qxe3
29.Qxe3 Rxe3 30.Rd8+ Bf8 31.Kg1 Re5 32.b4 Kg7 33.c3 Re1+ 34.Kf2 Rc1 35.Bxb7 Rxc3
36.b5 axb5 37.a6 Ra3 38.Rd5 b4 39.Rb5 Ne5 40.Ke2 Bd6 41.Rd5 Be7 42.h3 b3
43.Rb5 Ra2+ 44.Kd1 b2 45.Kc2 Nc4 46.Kc3 Ra4 47.a7 Bb4+  0-1

[Event "Bucharest"]
[Site "Bucharest"]
[Date "1992.??.??"]
[Round "?"]
[White "Milu, Romeo Sorin"]
[Black "Bouaziz, Slim"]
[Result "0-1"]
[WhiteElo "2420"]
[BlackElo "2400"]

1.e4 c5 2.Nf3 d6 3.d4 cxd4 4.Nxd4 Nf6 5.Nc3 a6 6.Be3 e5 7.Nb3 Be6 8.Qd2 Nbd7
9.f3 b5 10.a4 b4 11.Nd5 Bxd5 12.exd5 Nb6 13.Bxb6 Qxb6 14.a5 Qb7 15.Bc4 Be7
16.Ra4 Rb8 17.Nc1 Nd7 18.Na2 Bd8 19.Kd1 Qc8 20.b3 Nc5 21.Rxb4 Ra8 22.Rb6 Bxb6
23.axb6 O-O 24.Qa5 Qb7 25.Nb4 Rfb8 26.Nc6 Qxb6  0-1

[Event "Spring op"]
[Site "Budapest"]
[Date "1992.??.??"]
[Round "?"]
[White "Klovans, Janis"]
[Black "Dvoirys, Semen I"]
[Result "0-1"]
[WhiteElo "2410"]
[BlackElo "2515"]

1.e4 c5 2.Nf3 d6 3.d4 cxd4 4.Nxd4 Nf6 5.Nc3 a6 6.Be3 e5 7.Nb3 Be6 8.f4 exf4
9.Bxf4 Nc6 10.Qd2 d5 11.exd5 Nxd5 12.Nxd5 Qxd5 13.Qxd5 Bxd5 14.O-O-O O-O-O
15.g3 Bd6 16.Bh3+ Kc7 17.Rhf1 Bxf4+ 18.Rxf4 Bxb3 19.axb3 Rxd1+ 20.Kxd1 Rd8+
21.Kc1 Ne5 22.Bf1 g6 23.Be2 f5 24.b4 Rd6 25.c3 Nd3+ 26.Bxd3 Rxd3 27.Kc2 Rd7
28.g4 Kd6 29.Rd4+ Ke6 30.gxf5+ gxf5 31.Rc4 Ke5 32.Rc8 f4 33.Rf8 Ke4 34.Kb3 f3
35.Ka4 Rd5 36.c4 Rf5 37.Re8+ Kd3  0-1

[Event "Spring op"]
[Site "Budapest"]
[Date "1992.??.??"]
[Round "?"]
[White "Tolnai, Tibor"]
[Black "Poluljahov, Aleksandr"]
[Result "1/2-1/2"]
[WhiteElo "2490"]
[BlackElo "2425"]

1.e4 c5 2.Nf3 d6 3.d4 cxd4 4.Nxd4 Nf6 5.Nc3 a6 6.Be3 e6 7.g4 h6 8.Bg2 Nc6
9.h3 Qc7 10.Qe2 Be7 11.O-O-O Bd7 12.f4 Rc8 13.Rhe1 b5 14.Nb3 Na5 15.Nxa5 Qxa5
16.Qf2 Rxc3 17.bxc3 e5 18.fxe5 dxe5 19.Bc5 Qxc3 20.Bxe7 Kxe7 21.Qe3 Qb4 22.a3 Qc4
23.Qb3 Rc8 24.Qxc4 Rxc4 25.Kb2 g5 26.Rd3 h5 27.gxh5 Nxh5 28.Bf1 Be6 29.Rc3 Ra4
30.Rc7+ Kf6 31.Ra7 Nf4 32.Re3 Kg6 33.Ra8 Kg7 34.Rc3 Rxe4 35.Rxa6 b4 36.axb4 Rxb4+
37.Kc1 e4 38.Rg3 f6 39.h4 g4 40.Rxe6 Nxe6 41.Rxg4+ Kf7 42.h5 f5 43.Rh4 Ng5
44.h6 Kg6 45.Bh3 Rb7 46.c4 Rh7 47.c5 Ne6 48.c6 Nd4 49.Kd1 Nxc6 50.Rf4 Rxh6
51.Bxf5+ Kg5 52.Rxe4 Kxf5 53.Re8 Ne5 54.Kd2 Rh3 55.Ra8 Ke4 56.Ra4+ Kd5 57.Ra8  1/2-1/2

[Event "Elekes mem"]
[Site "Budapest"]
[Date "1992.??.??"]
[Round "9"]
[White "Fogarasi, Tibor"]
[Black "Danner, Georg"]
[Result "1/2-1/2"]
[WhiteElo "2455"]
[BlackElo "2355"]

1.e4 c5 2.Nf3 d6 3.d4 cxd4 4.Nxd4 Nf6 5.Nc3 a6 6.Be3 e5 7.Nf3 Qc7 8.a4 Be7
9.a5 Nbd7 10.Be2 O-O 11.O-O b6 12.axb6 Nxb6 13.Nd2 Bb7 14.Bxb6 Qxb6 15.Nc4 Qc7
16.Ne3 a5 17.Bc4 Rab8 18.Qd3 Rfc8 19.Rfd1 g6 20.b3 Qc5 21.h3 Nh5 22.Ned5 Bg5
23.Na4 Qa7 24.Nab6 Rd8 25.b4 Bxd5 26.Nxd5 a4 27.Bb5 Bh4 28.Rd2 Qb7 29.Bxa4 Ra8
30.g3 Bg5 31.Rdd1 Nf6 32.Bb3 Rxa1 33.Rxa1 Nxd5 34.Qxd5 Rd7 35.b5 Qc7 36.Ra6 Qc3
37.Qd3 Qe1+ 38.Kg2 Qb4 39.Bd5 Bd8 40.b6 Bxb6 41.Ra8+ Kg7 42.Rb8 Qc5 43.Qf3 Ba7
44.Rb2 h5 45.c4 Qa5  1/2-1/2

[Event "Buehl rapid"]
[Site "Buehl"]
[Date "1992.??.??"]
[Round "3"]
[White "Vatter, Hans Joachim"]
[Black "Gutman, Lev"]
[Result "1-0"]
[WhiteElo "2280"]
[BlackElo "2465"]

1.e4 c5 2.Nf3 d6 3.d4 cxd4 4.Nxd4 Nf6 5.Nc3 a6 6.Be3 e5 7.Nf3 Be7 8.Bc4 Bg4
9.h3 Be6 10.Bxe6 fxe6 11.Ng5 Qd7 12.f4 exf4 13.Bxf4 O-O 14.e5 dxe5 15.Bxe5 Nc6
16.Bxf6 Qxd1+ 17.Rxd1 Bxf6 18.Nge4 Bd4 19.Rf1 Rf5 20.Rxf5 exf5 21.Nd6 g6
22.Ne2 Bxb2 23.Nxb7 Ba3 24.Rd3 Be7 25.Rd7 Rc8 26.Nf4 Bh4+ 27.Kd1 Ne5 28.Rd4 Nc4
29.Nd5 Bg5 30.h4 Ne3+ 31.Nxe3 Bxe3 32.Rd3 Bf4 33.h5 Kg7 34.Rd7+ Kh6 35.hxg6 hxg6
36.Nd8 Rc4 37.Ne6 Kh5 38.Rd4 Rxd4+ 39.Nxd4  1-0

[Event "Wch U20"]
[Site "Buenos Aires"]
[Date "1992.??.??"]
[Round "?"]
[White "Rasik, Vitezslav"]
[Black "Michelakis, George"]
[Result "1/2-1/2"]
[WhiteElo "2415"]
[BlackElo "2355"]

1.e4 c5 2.Nf3 d6 3.d4 cxd4 4.Nxd4 Nf6 5.Nc3 a6 6.Be3 Ng4 7.Bg5 h6 8.Bh4 g5
9.Bg3 Bg7 10.Be2 h5 11.h4 Nc6 12.Nf3 gxh4 13.Nxh4 Bxc3+ 14.bxc3 Qa5 15.Qd2 Be6
16.Nf3 Rc8 17.Nd4 Nce5 18.Nxe6  1/2-1/2

[Event "Caciulata"]
[Site "Calimanesti"]
[Date "1992.??.??"]
[Round "?"]
[White "Lanka, Zigurds"]
[Black "Istratescu, Andrei"]
[Result "1-0"]
[WhiteElo "2490"]
[BlackElo "2430"]

1.e4 c5 2.Nf3 d6 3.d4 cxd4 4.Nxd4 Nf6 5.Nc3 a6 6.Be3 e5 7.Nb3 Be6 8.f4 exf4
9.Bxf4 Be7 10.Qe2 Nc6 11.h3 O-O 12.O-O-O Qc7 13.Kb1 b5 14.g4 Rfe8 15.g5 Nd7
16.Qg2 Nce5 17.Nd5 Bxd5 18.exd5 Bf8 19.h4 g6 20.h5 Bg7 21.Nd4 Nf8 22.Qg3 Rab8
23.hxg6 hxg6 24.Bc1 Qb7 25.Bg2 Rbc8 26.Nc6 Nc4 27.Rh4 f5 28.gxf6 Bxf6 29.Re4 Qg7
30.c3 Rxe4 31.Bxe4 Re8 32.Qg2 Ne5 33.Rh1 Qf7 34.Nd4 Qd7 35.Ne6 Qf7 36.Rf1 Qe7
37.Bh6 Nxe6 38.dxe6 Qh7 39.Rh1  1-0

[Event "Cannes Martinez op"]
[Site "Cannes"]
[Date "1992.??.??"]
[Round "?"]
[White "Plachetka, Jan"]
[Black "Cosson, Jeoffray"]
[Result "1-0"]
[WhiteElo "2475"]
[BlackElo "2305"]

1.e4 c5 2.Nf3 d6 3.d4 cxd4 4.Nxd4 Nf6 5.Nc3 a6 6.Be3 e6 7.Be2 b5 8.Bf3 Nfd7
9.O-O Bb7 10.e5 Qc8 11.exd6  1-0

[Event "Cannes Martinez op"]
[Site "Cannes"]
[Date "1992.??.??"]
[Round "?"]
[White "Lanka, Zigurds"]
[Black "Csonkics, Tunde"]
[Result "1-0"]
[WhiteElo "2520"]
[BlackElo "2305"]

1.e4 c5 2.Nf3 d6 3.d4 cxd4 4.Nxd4 Nf6 5.Nc3 a6 6.Be3 e6 7.Be2 Qc7 8.g4 b5
9.g5 Nfd7 10.a3 Bb7 11.f4 Nc6 12.O-O Nxd4 13.Qxd4 e5 14.Qd2 exf4 15.Bxf4 Ne5
16.Nd5 Bxd5 17.Qxd5 Rc8 18.a4 Qa7+ 19.Kh1 Rc5 20.Qd4 Qb7 21.axb5 axb5 22.c3 Nc6
23.Qf2 Nd8 24.Be3 Re5 25.Ra7 Qxe4+ 26.Bf3 Qg6 27.Bd4 Re6 28.Ra8 Be7 29.Bc6+ Kf8
30.Bd5 Bxg5 31.Qg2 Ke7 32.Bxe6 fxe6 33.Ra7+ Ke8 34.Rxg7  1-0

[Event "Cappelle op"]
[Site "Cappelle la Grande"]
[Date "1992.??.??"]
[Round "6"]
[White "Lanka, Zigurds"]
[Black "Timoshchenko, Gennadi A"]
[Result "1-0"]
[WhiteElo "2490"]
[BlackElo "2510"]

1.e4 c5 2.Nf3 d6 3.d4 cxd4 4.Nxd4 Nf6 5.Nc3 a6 6.Be3 e6 7.Be2 Be7 8.f4 O-O
9.g4 Nc6 10.g5 Nd7 11.h4 Re8 12.a3 Rb8 13.O-O Nxd4 14.Qxd4 b5 15.Rf2 Qa5
16.Qd2 Qc7 17.Raf1 Bf8 18.f5 Ne5 19.f6 Rb7 20.h5 Nc4 21.Bxc4 Qxc4 22.g6 gxf6
23.gxh7+ Kh8 24.Rxf6 Bg7 25.Rxf7 d5 26.Qg2 Rxf7 27.Rxf7 Be5 28.Bh6 Qd4+ 29.Kh1  1-0

[Event "Cappelle op"]
[Site "Cappelle la Grande"]
[Date "1992.??.??"]
[Round "8"]
[White "Feher, Gyula"]
[Black "Timoshchenko, Gennadi A"]
[Result "1-0"]
[WhiteElo "2405"]
[BlackElo "2510"]

1.e4 c5 2.Nf3 d6 3.d4 cxd4 4.Nxd4 Nf6 5.Nc3 a6 6.Be3 e6 7.f4 b5 8.Qf3 Bb7
9.Bd3 Nbd7 10.g4 b4 11.Nce2 Nc5 12.Ng3 Nfd7 13.g5 g6 14.h4 Qc7 15.O-O-O Nxd3+
16.Rxd3 Nc5 17.Rd2 O-O-O 18.Kb1 Bg7 19.h5 Rhg8 20.hxg6 hxg6 21.Rh7 Kb8 22.Rdh2 Rc8
23.Nb3 Na4 24.Bc1 Qb6 25.Qd3 Ka8 26.Re2 d5 27.e5 Rc4 28.Reh2 a5 29.Be3 Qc7
30.Ne2 Ba6 31.Ned4 Kb7 32.Qd2 Nc3+ 33.bxc3 bxc3 34.Qc1 a4 35.Rxg7 Rxg7 36.Rh8 axb3
37.axb3 Rb4 38.Qa3 Qb6 39.Nc6 Rxb3+ 40.cxb3 c2+ 41.Kxc2 Qxc6+ 42.Qc5 f5 43.exf6 Rc7
44.Qxc6+ Kxc6 45.Rg8 e5 46.Rg7  1-0

[Event "Cappelle op"]
[Site "Cappelle la Grande"]
[Date "1992.??.??"]
[Round "9"]
[White "Feher, Gyula"]
[Black "Kuczynski, Robert"]
[Result "1/2-1/2"]
[WhiteElo "2405"]
[BlackElo "2500"]

1.e4 c5 2.Nf3 d6 3.d4 cxd4 4.Nxd4 Nf6 5.Nc3 a6 6.Be3 e5 7.Nb3 Be6 8.Qd2 Nbd7
9.f3 Be7 10.g4 h6 11.O-O-O b5 12.Kb1 Nb6 13.Qf2 Nfd7 14.h4 Qc7 15.Nd5 Bxd5
16.exd5 Na4 17.Bd3 Ndb6  1/2-1/2

[Event "Cattolica op"]
[Site "Cattolica"]
[Date "1992.??.??"]
[Round "6"]
[White "Gipslis, Aivars"]
[Black "Shneider, Aleksandr"]
[Result "1/2-1/2"]
[WhiteElo "2465"]
[BlackElo "2515"]

1.e4 c5 2.Nf3 d6 3.d4 cxd4 4.Nxd4 Nf6 5.Nc3 a6 6.Be3 e6 7.Be2 Qc7 8.g4 b5
9.g5 Nfd7 10.a3 Bb7 11.f4 Nc6 12.O-O O-O-O 13.Qd2 Nxd4 14.Bxd4 d5 15.e5 Bc5
16.b4  1/2-1/2

[Event "JUG-chT"]
[Site "Cetinje"]
[Date "1992.??.??"]
[Round "?"]
[White "Smolovic, Mile"]
[Black "Benderac, Srdjan"]
[Result "1-0"]
[WhiteElo "2340"]
[BlackElo "2235"]

1.e4 c5 2.Nf3 d6 3.d4 cxd4 4.Nxd4 Nf6 5.Nc3 a6 6.Be3 e5 7.Nf3 Be7 8.Bc4 Nbd7
9.a4 O-O 10.O-O h6 11.Qe2 b6 12.Rfd1 Qc7 13.Nh4 Re8 14.Nf5 Bf8 15.Nd5 Qd8
16.Rd3 Bb7 17.Nxf6+ Nxf6 18.f3 Bc8 19.Nxd6 Qxd6 20.Rxd6 Bxd6 21.Bxb6 Rb8
22.a5 Nd7 23.Bxa6 Nxb6 24.axb6 Rxb6 25.Bxc8 Rxc8 26.c3 Bc5+ 27.Kf1 Rd8 28.b4 Be7
29.Rd1  1-0

[Event "EU-chT (Men)"]
[Site "Debrecen"]
[Date "1992.??.??"]
[Round "1"]
[White "Tolnai, Tibor"]
[Black "Henriksson, Christer"]
[Result "1-0"]
[WhiteElo "2490"]
[BlackElo "2355"]

1.e4 c5 2.Nf3 d6 3.d4 cxd4 4.Nxd4 Nf6 5.Nc3 a6 6.Be3 e5 7.Nb3 Be7 8.f3 Be6
9.Qd2 Nbd7 10.O-O-O O-O 11.g4 b5 12.h4 Nb6 13.g5 Nfd7 14.Kb1 Qc7 15.h5 Nc5
16.g6 b4 17.Nd5 Nxd5 18.exd5 Nxb3 19.axb3 Bf5 20.Bd3 Bxd3 21.Qxd3 Qd7 22.Rdg1 Bf6
23.gxh7+ Kh8 24.Bg5 Qe7 25.Qf5 Bxg5 26.Rxg5 Qf6 27.h6  1-0

[Event "EU-chT (Men)"]
[Site "Debrecen"]
[Date "1992.??.??"]
[Round "4"]
[White "Grosar, Aljosa"]
[Black "Rytshagov, Mikhail"]
[Result "1/2-1/2"]
[WhiteElo "2455"]
[BlackElo "2385"]

1.e4 c5 2.Nf3 d6 3.d4 Nf6 4.Nc3 cxd4 5.Nxd4 a6 6.Be3 e6 7.f3 b5 8.g4 h6 9.Qd2 Bb7
10.O-O-O Nbd7 11.h4 b4 12.Nce2 d5 13.Bh3 Qa5 14.Kb1 dxe4 15.g5 hxg5 16.hxg5 exf3
17.Ng3 Rxh3 18.Rxh3 Nd5 19.g6  1/2-1/2

[Event "EU-chT (Men)"]
[Site "Debrecen"]
[Date "1992.??.??"]
[Round "9"]
[White "Brunner, Lucas"]
[Black "Kuczynski, Robert"]
[Result "0-1"]
[WhiteElo "2500"]
[BlackElo "2500"]

1.e4 c5 2.Nf3 d6 3.d4 cxd4 4.Nxd4 Nf6 5.Nc3 a6 6.Be3 e5 7.Nb3 Be6 8.f4 Ng4
9.Bd2 Qb6 10.Qf3 exf4 11.Qxf4 Nd7 12.Be2 Nge5 13.O-O-O Rc8 14.Be3 Qc7 15.Nd4 b5
16.Kb1 Nf6 17.a3 Be7 18.Nf5 Bxf5 19.exf5 O-O 20.Bd4 Rfe8 21.g4 Qc6 22.g5 Nd5
23.Nxd5 Qxd5 24.h4 Qc6 25.Bc3 a5 26.f6 Bf8 27.fxg7 Bxg7 28.Rhf1 b4 29.axb4 axb4
30.Qxb4 Rb8 31.Qd4 Rec8 32.Rf3 Qb7 33.Rdf1 Rxc3 34.Qxc3 Nxf3  0-1

[Event "DEN-chT 9293"]
[Site "Denmark"]
[Date "1992.??.??"]
[Round "1"]
[White "Hansen, Soren Bech"]
[Black "Fedder, Steen"]
[Result "1/2-1/2"]
[WhiteElo "2245"]
[BlackElo "2400"]

1.e4 c5 2.Nf3 d6 3.d4 cxd4 4.Nxd4 Nf6 5.Nc3 a6 6.Be3 e6 7.f4 b5 8.Bd3 Bb7
9.Qf3 Nbd7 10.g4 b4 11.Nce2 Nc5 12.Ng3 d5 13.e5 Nfe4 14.Bxe4 Nxe4 15.Nxe4 dxe4
16.Qf2 Be7 17.O-O-O Qc7 18.g5 a5 19.Nb5 Qc4 20.Qf1 Rc8 21.Qxc4 Rxc4 22.Nd6+ Bxd6
23.Rxd6 O-O 24.Rhd1  1/2-1/2

[Event "Dortmund op-A"]
[Site "Dortmund"]
[Date "1992.??.??"]
[Round "1"]
[White "Szalanczy, Emil"]
[Black "Hertel, Peter"]
[Result "0-1"]
[WhiteElo "2420"]
[BlackElo "2215"]

1.e4 c5 2.Nf3 d6 3.d4 cxd4 4.Nxd4 Nf6 5.Nc3 a6 6.Be3 e5 7.Nb3 Be7 8.f3 Be6
9.Qd2 O-O 10.O-O-O Nbd7 11.Kb1 b5 12.g4 Nb6 13.h4 b4 14.Bxb6 Qxb6 15.Nd5 Bxd5
16.exd5 a5 17.h5 Nd7 18.g5 a4 19.Nc1 f5 20.gxf6 Bxf6 21.Bh3 Nc5 22.Nd3 e4
23.Nxc5 Qxc5 24.fxe4 b3 25.h6 bxa2+ 26.Kxa2 g6 27.Rhf1 Qc4+ 28.Kb1 a3 29.Be6+ Kh8
30.Rxf6 Rxf6 31.b3 Qc5 32.c4 Qf2 33.Qc3 Qf3 34.Qxf3 Rxf3 35.Ka2 Rf2+ 36.Ka1 Raf8
37.e5 Rb2 38.Rb1 Rd2 39.b4 Rff2 40.Rb3 a2  0-1

[Event "Dortmund op-A"]
[Site "Dortmund"]
[Date "1992.??.??"]
[Round "1"]
[White "Schumi, Manfred"]
[Black "Petrosian, Arshak B"]
[Result "0-1"]
[WhiteElo "2245"]
[BlackElo "2470"]

1.e4 c5 2.Nf3 d6 3.d4 cxd4 4.Nxd4 Nf6 5.Nc3 a6 6.Be3 e5 7.Nf3 Qc7 8.a4 Be7
9.a5 O-O 10.Be2 Nbd7 11.O-O b5 12.axb6 Nxb6 13.Qd3 Rb8 14.Nd2 g6 15.Ra2 Rd8
16.Bxb6 Rxb6 17.Nc4 Rb4 18.b3 Bb7 19.Nd5 Nxd5 20.exd5 Rb5 21.Ne3 Rc5 22.Ra4 Bg5
23.c4 a5 24.Rfa1 Rb8 25.b4 axb4 26.Rxb4 Bc8 27.Qb1 Rxb4 28.Qxb4 e4 29.Ra8 h5
30.h3 Kg7 31.Nc2 Bf6 32.Qa4 Bb7 33.Re8 Bxd5 34.cxd5 Rxc2 35.Qxe4 h4 36.Qf4 Rc1+
37.Bf1 Qc5 38.Re2 Ra1 39.Qe3 Qxd5 40.Re1 Ra2 41.Qd3 Qc5 42.Re2 Ra1 43.Rc2 Qb4
44.Rc4 Qe1 45.Re4 Qa5 46.Re8 Be5 47.Rc8 Re1 48.Rc4 Qa1 49.f4 Rd1 50.Qxd1 Qxd1
51.fxe5 dxe5 52.Rxh4 Qe1 53.Rc4 f5  0-1

[Event "Dortmund op-A"]
[Site "Dortmund"]
[Date "1992.??.??"]
[Round "2"]
[White "Glek, Igor V"]
[Black "Lingnau, Carsten"]
[Result "1-0"]
[WhiteElo "2515"]
[BlackElo "2365"]

1.e4 c5 2.Nf3 d6 3.d4 cxd4 4.Nxd4 Nf6 5.Nc3 a6 6.Be3 e6 7.a4 Nc6 8.Be2 Be7
9.O-O O-O 10.f4 Qc7 11.Kh1 Re8 12.Bg1 Rb8 13.Qd3 Bd7 14.Qg3 Rec8 15.Rae1 Be8
16.Bd3 g6 17.f5 Nxd4 18.Bxd4 e5 19.fxg6 hxg6 20.Rxf6 Bxf6 21.Nd5 Qd8 22.Bb6 Bh4
23.Qh3 Qg5 24.g3 Qd2 25.Qf1 Bd8 26.Be3 Qa5 27.Ra1  1-0

[Event "Dortmund op-A"]
[Site "Dortmund"]
[Date "1992.??.??"]
[Round "5"]
[White "Dolmatov, Sergey"]
[Black "Stangl, Markus"]
[Result "1/2-1/2"]
[WhiteElo "2595"]
[BlackElo "2465"]

1.e4 c5 2.Nf3 d6 3.d4 cxd4 4.Nxd4 Nf6 5.Nc3 a6 6.Be3 e6 7.a4 Be7 8.a5 O-O
9.Be2 Nbd7 10.O-O Qc7 11.Nb3 b5 12.axb6 Nxb6 13.Qd4 Nfd7 14.Rfd1 Nc5 15.Nxc5 dxc5
16.Qd2 Bb7 17.Bf4 Qc6 18.Qe3 Rfd8 19.Qg3 Rxd1+ 20.Rxd1 Na4 21.Be5 f6 22.Nxa4 Qxa4
23.Qh3 Qxe4 24.Qxe6+ Kf8 25.Bf3 Qxe5 26.Qxe5 fxe5 27.Bxb7 Rb8 28.Bxa6 Rxb2
29.Bd3 h5 30.g3 h4 31.Kg2 Rb4 32.f3 Rd4 33.Re1 Bf6 34.Kh3 Kf7 35.Ra1 hxg3
36.hxg3 Be7 37.Ra7 Kf6 38.Be4 Rd8 39.Kg4 Rd4 40.Rc7 Rd8 41.Rc6+ Bd6 42.Bd5 Rd7
43.Ra6 Rd8 44.Bc6 g6 45.Be4 Rd7 46.Ra8 Kg7 47.Bc6 Rf7 48.Bd5 Rd7 49.Rg8+ Kf6
50.Be4 Rg7 51.Rd8 Ke7 52.Ra8 Kf6 53.Ra6 Rd7 54.Bc6 Rd8 55.Bd5 Rd7 56.c4 Rd8
57.Ra7 Rf8 58.Rb7 Be7 59.Rb6+ Kg7 60.Re6 Bf6 61.Be4 Rc8 62.Ra6 Rc7 63.Kh3 Kf7
64.Kg2 Kg7 65.Kf2 Kf7 66.Ke2 Kg7 67.Kd3 Rd7+ 68.Kc2 Rd4 69.Kb3 g5 70.g4 Rd2
71.Rc6 Be7 72.Bd5 Rd1 73.Kc2 Rd4 74.Re6 Kf8 75.Rxe5 Rf4 76.Be4 Ke8 77.Rd5 Kf7
78.Rd7 Ke6 79.Rb7 Bd6 80.Rg7 Be7 81.Kb3 Rf8 82.Bf5+ Kd6 83.Rg6+ Kc7 84.Re6 Bf6
85.Kc2 Bd4 86.Kd3 Rf6 87.Re7+ Kd6 88.Re8 Be5 89.Ke4 Bf4 90.Ra8 Kc7 91.Kd5 Kb6
92.Be6 Bc7 93.Ra3 Bg3 94.Rd3 Bf2 95.Kd6 Rf4 96.Rb3+ Ka5 97.Bd5 Rf6+ 98.Kd7 Rb6
99.Ra3+ Kb4 100.Ra2 Be3 101.Rb2+ Ka5 102.Re2 Bf4 103.Be6 Rb8 104.Re4 Kb4
105.Rxf4 gxf4 106.Bd5 Rb6 107.Ke7 Kc3 108.Kf7 Kd4 109.g5 Ke5 110.g6 Rf6+
111.Kg7 Rd6 112.Bf7 Rd7 113.Kh8 Rd8+ 114.Kg7 Rd7 115.Kh6 Kf6 116.Kh5 Re7
117.Kg4 Re1 118.Kxf4 Re2 119.Kg3 Re1 120.f4 Re2  1/2-1/2